Представление документа в формате MARC21

Поле Инд. ПП Название Значение
Тип записи a
Библиографический уровень m
001 Контрольный номер dfc0c498-9639-47a1-bbc2-c1ae8cf4e025
005 Дата корректировки 20200418171703.5
008 Кодируемые данные 990105 d
020 a ISBN 5-09-004582-8
c Цена, тираж 54.00; 120.00
040 a Служба первич. каталог. НБ ТвГУ
041 0_ a Код языка текста rus
080 a Индекс УДК 796.41Йога
084 a Индекс другой классификации/Индекс ББК Ч516.914
090 a Полочн. индекс Ч516.9
x Авторский знак Л 27
100 1_ a Автор Латохина Любовь Ивановна
e Роль лиц Автор
245 10 a Заглавие Хатха-йога для детей
b Продолж. заглавия книга для учащихся и родителей
c Ответственность Л. И. Латохина
260 0_ a Место издания Москва
b Издательство Просвещение
c Дата издания 1993
300 a Объем 158,[1] с.
b Иллюстрации/ тип воспроизводства ил.
440 _0 a Серия Школа здоровья
504 a Библиография Библиогр.: с. 155-156
653 0_ a Ключевые слова Гимнастика йоги
a Ключевые слова Йога
a Ключевые слова Хатха-йога
901 t Тип документа m
920 a Оператор Лиси
a Оператор Суха
930 a Новая/Ретро ретро
954 a Дата поступления на обработку 28.10.93
a Дата поступления на обработку 20200418